Statistics for Countries with Giraffes

Click here to take the quiz!

General Stats

  • This quiz has been taken 62 times
    (41 since last reset)
  • The average score is 15 of 18

Answer Stats

Answer% Correct
Kenya
94%
South Africa
91%
Sudan
88%
Democratic Republic of the Congo
84%
Ethiopia
84%
Zimbabwe
84%
Botswana
81%
Chad
81%
Mozambique
81%
Namibia
81%
Niger
81%
Somalia
81%
Zambia
81%
South Sudan
78%
Uganda
78%
Tanzania
75%
Central African Republic
69%
Cameroon
63%

Score Distribution

Percentile by Number Answered

Percent of People with Each Score

Your Score History

You have not taken this quiz since the last reset